| 000 | 00586nmm a2200169Ia 4500 | ||
|---|---|---|---|
| 008 | 251105s9999||||xx |||||||||||||||||und|| | ||
| 020 | _a9788499800431 | ||
| 041 | _aspa | ||
| 100 | _aGoñi, Jesús María (coord.) | ||
| 245 | 0 | _aMatemáticas : investigación, innovación y buenas prácticas | |
| 264 |
_a[Madrid, España] : _bMinisterio de Educación, Cultura y Deporte de España, _c2011 |
||
| 300 | _a177 páginas | ||
| 490 | _aFormación del profesorado. Educación secundaria | ||
| 650 | _aEducation | ||
| 856 | _uhttps://public.digitaliapublishing.com/a/30210 | ||
| 942 | _cCF | ||
| 999 |
_c93230 _d93230 |
||